Manual del Styropor / (Record no. 111747)

MARC details
000 -LEADER
campo de control de longitud fija 00519nam a2200169 4500
001 - NÚMERO DE CONTROL
campo de control 111747
003 - IDENTIFICADOR DE NÚMERO DE CONTROL
campo de control ES-MaACL
005 - FECHA Y HORA DE LA ÚLTIMA TRANSACCIÓN
campo de control 20230906185344.0
007 - CAMPO FIJO DE DESCRIPCIÓN FÍSICA--INFORMACIÓN GENERAL
campo de control de longitud fija t|
008 - DATOS DE LONGITUD FIJA--INFORMACIÓN GENERAL
campo de control de longitud fija 061121s1970 sp r ||||1| spa d
100 1# - ENTRADA PRINCIPAL--NOMBRE DE PERSONA
Nombre de persona Neufert, Ernst.
9 (RLIN) 85434
245 10 - MENCIÓN DEL TÍTULO
Título Manual del Styropor /
Mención de responsabilidad, etc. Ernst Neufert; adaptación, Buenaventura Bassegoda.
260 ## - PUBLICACIÓN, DISTRIBUCIÓN, ETC.
Lugar de publicación, distribución, etc. Barcelona :
Nombre del editor, distribuidor, etc. Herder,
Fecha de publicación, distribución, etc. 1970.
300 ## - DESCRIPCIÓN FÍSICA
Extensión XX, 907 p. :
Otras características físicas il. ;
Dimensiones 30 cm.
700 1# - ENTRADA AGREGADA--NOMBRE PERSONAL
Nombre de persona Bassegoda Musté, B. (
Fechas asociadas al nombre 1896-1987)
9 (RLIN) 26310
852 ## - LOCALIZACIÓN
Ubicación ES-MaACL
Número de control de estantería C-41412
Sublocalización o colección R.74771
Holdings
Estatus retirado Estado de pérdida Estado de daño No para préstamo Biblioteca de origen Biblioteca actual Ubicación en estantería Fecha de adquisición Fuente de adquisición Total de préstamos Signatura topográfica completa Código de barras Visto por última vez Precio de reemplazo Tipo de ítem Koha
        Biblioteca del Ateneo de Madrid Biblioteca del Ateneo de Madrid Depósito 2 17/01/2008     C-41412 1116571 23/02/2023 23/02/2023 Libro impreso